Asian Pacific taxation

Gardado en:
Detalles Bibliográficos
Formato: Libro
Idioma:Undetermined
Publicado: Hong Kong Peat Marwick 1987
Những chủ đề:
Các nhãn: Engadir etiqueta
Sen Etiquetas, Sexa o primeiro en etiquetar este rexistro!
Thư viện lưu trữ: Trung tâm Học liệu Trường Đại học Cần Thơ
LEADER 00432nam a2200169Ia 4500
001 CTU_89514
008 210402s9999 xx 000 0 und d
082 |a 336.2 
082 |b A832 
245 0 |a Asian Pacific taxation 
260 |a Hong Kong 
260 |b Peat Marwick 
260 |c 1987 
650 |a Taxation,Taxation 
650 |z Asia,Pacific area 
904 |i Năm 
980 |a Trung tâm Học liệu Trường Đại học Cần Thơ